مختارات في اللغة و الأدب / (رقم التسجيلة. 5127)

تفاصيل مارك
000 -LEADER
fixed length control field 00517nam a22001697a 4500
005 - DATE AND TIME OF LATEST TRANSACTION
control field 20251108164146.0
008 - FIXED-LENGTH DATA ELEMENTS--GENERAL INFORMATION
fixed length control field 250721s9999 xx 000 0 ara d
082 14 - DEWEY DECIMAL CLASSIFICATION NUMBER
Classification number 041/ملا
100 1# - MAIN ENTRY--PERSONAL NAME
Personal name الملاح، نديم
245 10 - TITLE STATEMENT
Title مختارات في اللغة و الأدب /
264 1# - PRODUCTION, PUBLICATION, DISTRIBUTION, MANUFACTURE, AND COPYRIGHT NOTICE
Place of production, publication, distribution, manufacture عمان :
Name of producer, publisher, distributor, manufacturer وزارة الثقافة،
Date of production, publication, distribution, manufacture, or copyright notice [19-].
300 ## - PHYSICAL DESCRIPTION
Extent 95ص.
490 0# - SERIES STATEMENT
Series statement سلسلة إحياء التراث الأردني ؛ 5
650 17 - SUBJECT ADDED ENTRY--TOPICAL TERM
Topical term or geographic name as entry element المقالات العربية
942 ## - ADDED ENTRY ELEMENTS (KOHA)
Source of classification or shelving scheme Dewey Decimal Classification
Koha item type كتب
المقتنيات
حالة السحب حالة الفقدان مصدر التصنيف حالة التلف غير قابل للإعارة المكتبة الرئيسية المكتبة الحالية موقع الرف تاريخ التزويد الرقم المتسلسل Total Checkouts رقم الإستدعاء تاريخ آخر ظهور تاريخ الفاتورة نوع المادة (كوها) الباركود
    Dewey Decimal Classification Unchecked   مكتبة الاميرة بديعة مكتبة الاميرة بديعة الإعارة 06/07/2004 2236   041/ملا 28/07/2025 06/07/2004 كتب  
    Dewey Decimal Classification     مكتبة الحسن العامة مكتبة الحسن العامة الإعارة 18/09/2018 05953   041/ملا 28/07/2025 18/09/2018 كتب PLD00432433
    Dewey Decimal Classification Unchecked   مكتبة النصر العامة مكتبة النصر العامة الإعارة 06/07/2004 4077   041/ملا 28/07/2025 06/07/2004 كتب  
    Dewey Decimal Classification     مكتبة وادي السير العامة مكتبة وادي السير العامة الإعارة 11/04/2016 [1243]   041/ملا 28/07/2025 11/04/2016 كتب PLD00385759
Implemented & Customized by: BBB with SCIT (Smart Chains for Information Technology)

Powered by Koha